Statistiken für Reichsunmittelbare Territorien des Heiligen Römischen Reiches R-Z

Klicken Sie hier um das Quiz zu spielen!

Allgemein

  • Dieses Quiz wurde 35 mal gespielt
  • Das Durchschnittsergebnis liegt bei 78 aus 252

Antwortstatistiken

RechtsstellungOrtTerritorium% Korrekt
HerzogtumThüringenSachsen-Weimar
96%
HerzogtumThüringenSachsen-Weimar-Eisenach
96%
Herzogtum, KurfürstentumSachsen, Sachsen-Anhalt, ThüringenSachsen
92%
HerzogtumThüringenSachsen-Altenburg
92%
FürstentumBayernSachsen-Coburg
92%
HerzogtumThüringen, BayernSachsen-Coburg und Gotha
92%
FürstentumThüringenSachsen-Eisenach
92%
FürstentumThüringenSachsen-Eisenberg
92%
HerzogtumThüringenSachsen-Gotha
92%
HerzogtumThüringenSachsen-Hildburghausen
92%
HerzogtumSchleswig-HolsteinSachsen-Lauenburg
92%
HerzogtumThüringenSachsen-Meiningen
92%
HerzogtumSachsen-AnhaltSachsen-Merseburg
92%
HerzogtumThüringenSachsen-Querfurt
92%
HerzogtumThüringenSachsen-Römhild
92%
HerzogtumThüringenSachsen-Saalfeld
92%
HerzogtumThüringen, Sachsen-AnhaltSachsen-Weißenfels-Querfurt
92%
HerzogtumSachsen-AnhaltSachsen-Wittenberg
92%
HerzogtumSachsen-AnhaltSachsen-Zeitz
92%
GrafschaftThüringenReuß-Ebersdorf
88%
Grafschaft, HerrschaftThüringenReuß-Gera
88%
Grafschaft, Fürstentum, HerrschaftThüringenReuß-Lobenstein
88%
Grafschaft, Fürstentum, HerrschaftThüringenReuß-Obergreiz
88%
Grafschaft, Fürstentum, HerrschaftThüringenReuß-Schleiz
88%
Grafschaft, Fürstentum, HerrschaftThüringenReuß-Untergreiz
88%
Erzstift, Erzbistum, KurfürstentumRheinland-Pfalz, Frankreich, LuxemburgTrier
80%
Grafschaft, Herzogtum, KurfürstentumBaden-WürttembergWürttemberg
80%
Reichsstadt, Eidgenössischer OrtSchweizZürich
80%
ErzstiftÖsterreich, BayernSalzburg
76%
ReichsstadtBaden-Württemberg, BayernUlm
76%
Hochstift,ReichsstadtRheinland-PfalzWorms
76%
Grafschaft, FürstentumThüringenReuß
72%
Hochstift,Freie ReichsstadtRheinland-Pfalz, Baden-WürttembergSpeyer
72%
LandgrafschaftThüringenThüringen
72%
HochstiftNiederlandeUtrecht
72%
GrafschaftThüringenWeimar
72%
GrafschaftThüringenWeimar-Orlamünde
72%
HochstiftBayernWürzburg
72%
Hochstift, ReichsstadtBayernRegensburg
68%
ReichsabteiBaden-WürttembergRot an der Rot
68%
HerzogtumTschechien, Sachsen, PolenSchlesien
68%
HerzogtumMecklenburg-Vorpommern, PolenStettin
68%
GrafschaftSaarland, Rheinland-Pfalz, FrankreichZweibrücken
68%
GrafschaftSaarland, Rheinland-Pfalz, FrankreichZweibrücken-Bitsch
68%
Reichsabtei, Zugewandter Ort, ReichsstadtSchweizSankt Gallen
64%
Grafschaft, HerzogtumFrankreich, Italien, SchweizSavoyen
64%
Herzogtum, LandvogteiBaden-Württemberg, Bayern, Luxemburg, Schweiz, ÖsterreichSchwaben
64%
Grafschaft, FürstentumThüringenSchwarzburg
64%
Grafschaft, FürstentumThüringenSchwarzburg-Rudolstadt
64%
HerzogtumÖsterreich, SlowenienSteiermark
64%
MarkgrafschaftItalienVerona
64%
GrafschaftNordrhein-WestfalenRavensberg
60%
ReichsstadtBaden-WürttembergRavensburg
60%
ReichsstadtBaden-WürttembergReutlingen
60%
GrafschaftSaarlandSaarbrücken
60%
GrafschaftNiedersachsenSchaumburg
60%
Grafschaft, FürstentumThüringenSchwarzburg-Sondershausen
60%
EidgenossenschaftSchweizSchweiz
60%
HerrschaftBaden-WürttembergStraßberg
60%
Hochstift, Freie ReichsstadtFrankreichStraßburg
60%
HochstiftItalienTrient
60%
ReichslandSachsen, Thüringen, BayernVogtland
60%
Grafschaft, FürstentumHessenWaldeck(Eder)
60%
HerrschaftRheinland-PfalzWaldeck(Hunsrück)
60%
HerrschaftBayernWaldeck(Oberpfalz)
60%
HerrschaftBaden-WürttembergWaldeck(Odenwald)
60%
Eidgenössischer OrtSchweizZug
60%
ReichsstadtBayernRothenburg ob der Tauber
56%
GrafschaftNiedersachsen, Nordrhein-WestfalenSchaumburg-Lippe
56%
Grafschaft, Gefürstete GrafschaftÖsterreich, ItalienTirol
56%
Reichsunmittelbare StadtItalienTriest
56%
Grafschaft, PfalzgrafschaftBaden-WürttembergTübingen
56%
ReichsstadtBayernSchweinfurt
52%
RepublikItalienSiena
52%
HerzogtumBaden-WürttembergTeck
52%
Herrschaft, FürstentumMecklenburg-VorpommernRostock
48%
GrafschaftLiechtensteinVaduz
48%
GrafschaftNordrhein-WestfalenSayn-Wittgenstein
44%
Grafschaft, Hochstift, FürstentumMecklenburg-VorpommernSchwerin
44%
ReichsabteiNordrhein-WestfalenWerden
44%
ReichsstadtHessenWetzlar
44%
GrafschaftRheinland-PfalzSayn
40%
GrafschaftRheinland-PfalzSayn-Hachenburg
40%
FürstentumBayern, Baden-Württemberg, Tschechien, ÖsterreichSchwarzenberg
40%
FürstentumBaden-Württemberg, Hessen, Bayern, BelgienThurn und Taxis
40%
Reichsstadt, HochstiftFrankreichToul
40%
Hochstift, Fürstentum, Herzogtum, ReichsstadtNiedersachsenVerden
40%
ReichsstadtBaden-WürttembergWeil der Stadt
40%
HerzogtumNordrhein-Westfalen, HessenWestfalen
40%
Reichsstadt, Zugewandter OrtBaden-WürttembergRottweil
36%
ReichsstadtBaden-WürttembergSchwäbisch Gmünd
36%
GrafschaftBaden-WürttembergSigmaringen
36%
Reichsstadt, Eidgenössischer OrtSchweizSolothurn
36%
Landgrafschaft, HerrschaftSchweizThurgau
36%
Freie StandesherrschaftPolenWartenberg
36%
ReichsgrafschaftRheinland-PfalzWartenberg
36%
HerrschaftÖsterreichWartenburg
36%
Reichsstadt, Zehnstädtebund, FürstpropsteiFrankreichWeißenburg im Elsass
36%
ReichsstadtBayernWeißenburg im Nordgau
36%
GrafschaftSchweizWerdenberg
36%
GrafschaftSachsen-AnhaltWettin
36%
GrafschaftRheinland-PfalzRheingrafschaft
32%
HerrschaftSchweizWaadt
32%
GrafschaftNiederlandeZeeland
32%
Stift, TerritorialabteiSchweizSankt Moritz
28%
ReichsstadtBaden-WürttembergSchwäbisch Hall
28%
Eidgenössischer OrtSchweizSchwyz
28%
GrafschaftFrankreichSundgau
28%
Hochstift, ReichsstadtFrankreichVerdun
28%
Grafschaft, Zugewandter OrtSchweizWallis
28%
VestNordrhein-WestfalenRecklinghausen
24%
ReichsstadtBaden-WürttembergZell am Harmersbach
24%
Grafschaft, Hochstift, Fürstentum, LandMecklenburg-Vorpommern, Schleswig-HolsteinRatzeburg
20%
HerrschaftBrandenburgRuppin
20%
Grafschaft, FürstentumNordrhein-Westfalen, Belgien, Luxemburg, FrankreichSalm
20%
Reichsstadt, Eidgenössischer OrtSchweizSchaffhausen
20%
Reichsstadt, ZehnstädtebundFrankreichSchlettstadt
20%
HerrschaftBaden-WürttembergSchwarzenberg-Klettgau
20%
GrafschaftRheinland-PfalzSponheim
20%
GrafschaftBaden-WürttembergSulz
20%
GrafschaftSachsenWaldenburg
20%
Grafschaft, FürstentumRheinland-Pfalz, HessenWied
20%
GrafschaftRheinland-PfalzWied-Neuwied
20%
GrafschaftHessenWied-Runkel
20%
GrafschaftNordrhein-WestfalenWittgenstein
20%
HerrschaftThüringenSchmalkalden
16%
Freie StadtNordrhein-WestfalenSoest
16%
GrafschaftHessenSolms
16%
GrafschaftHessenSolms-Braunfels
16%
GrafschaftHessenSolms-Hohensolms
16%
GrafschaftHessenSolms-Hohensolms-Lich
16%
GrafschaftHessenSolms-Laubach
16%
GrafschaftHessenSolms-Rödelheim
16%
HerrschaftRheinland-PfalzStein
16%
LandvogteiÖsterreichVorarlberg
16%
Truchsess, GrafschaftBaden-WürttembergWaldburg-Zeil-Trauchburg
16%
Truchsess, GrafschaftBaden-WürttembergWaldburg-Zeil-Wurzach
16%
ReichsstadtBayernWangen
16%
GrafschaftBaden-WürttembergZollern
16%
HerrschaftNiederlandeZutphen
16%
HerzogtumPolen, TschechienRatibor
12%
FürstentumMecklenburg-VorpommernRügen
12%
GrafschaftNiedersachsenTecklenburg
12%
Reichsstadt, ZehnstädtebundFrankreichTürckheim
12%
ReichsstadtBaden-WürttembergÜberlingen
12%
HerzogtumMecklenburg-Vorpommern, PolenVorpommern
12%
Truchsess, GrafschaftBaden-WürttembergWaldburg
12%
Truchsess, GrafschaftBaden-WürttembergWaldburg-Wolfegg
12%
Truchsess, GrafschaftBaden-WürttembergWaldburg-Wolfegg-Waldsee
12%
Truchsess, GrafschaftBaden-WürttembergWaldburg-Wolfegg-Wolfegg
12%
GrafschaftBaden-Württemberg, HessenWertheim
12%
ReichsstadtBaden-WürttembergWimpfen
12%
Königliches KlosterBaden-WürttembergReichenau
8%
Reichsstadt, ZehnstädtebundFrankreichRosheim
8%
GrafschaftÖsterreichSchaunberg
8%
Herrschaft, GrafschaftSachsen-AnhaltSchönburg
8%
StatthaltereiNiederlande, Luxemburg, Belgien, FrankreichSpanische Niederlande
8%
Herrschaft, LandMecklenburg-VorpommernStargard
8%
GrafschaftSachsen-Anhalt, ThüringenStolberg
8%
GrafschaftSchweizToggenburg
8%
FürstentumTschechien, PolenTroppau
8%
Eidgenössischer OrtSchweizUnterwalden
8%
GrafschaftLuxemburg, Rheinland-PfalzVianden
8%
Truchsess, GrafschaftBaden-WürttembergWaldburg-Zeil
8%
Reichsstift, ReichsabteiBaden-WürttembergWeingarten
8%
GrafschaftSachsen-AnhaltWernigerode
8%
HerrschaftNordrhein-WestfalenWildenberg
8%
HerrschaftRheinland-PfalzWildenburg
8%
GrafschaftNiedersachsenWunstorf
8%
GrafschaftHessenYsenburg-Büdingen-Büdingen
8%
GrafschaftHessenYsenburg-Büdingen-Marienborn
8%
GrafschaftHessenYsenburg-Büdingen-Meerholz
8%
GrafschaftHessenZiegenhain
8%
Abtei, ReichsabteiBaden-WürttembergZwiefalten
8%
GrafschaftBayernRieneck
4%
GrafschaftNordrhein-WestfalenRietberg
4%
Reichsstift, ReichsabteiBayernRoggenburg
4%
GrafschaftFrankreichSaarwerden
4%
HerzogtumTschechien, PolenSagan
4%
Reichsstift, AbteiBaden-WürttembergSalem
4%
ReichsabteiBaden-WürttembergSankt Georgen zu Isny
4%
ReichsabteiRheinland-PfalzSankt Maximin
4%
HerrschaftLuxemburgSchellenberg
4%
ReichsabteiBaden-WürttembergSchussenried
4%
GrafschaftNordrhein-Westfalen, HessenSchwalenberg
4%
FürstentumPolenSchweidnitz
4%
BistumÖsterreichSeckau
4%
ReichsgrafschaftNiedersachsenSpiegelburg
4%
ReichsabteiBelgien,Rheinland-PfalzStablo-Malmedy
4%
Herrschaft, GrafschaftNordrhein-WestfalenSteinfurt
4%
LandgrafschaftBaden-WürttembergStühlingen
4%
HerrschaftBayernSulzbürg-Pyrbaum
4%
HerrschaftSchweizTarasp
4%
GrafschaftBayernTruhendingen
4%
GrafschaftFrankreichVaudémont
4%
Grafschaft, FürstentumRheinland-PfalzVeldenz
4%
LandeBaden-Württemberg, Frankreich, Bayern, ÖsterreichVorderösterreich
4%
AbteiNiedersachsenWalkenried
4%
GrafschaftBayernWerdenfels
4%
Herrschaft, FürstentumNordrhein-WestfalenWerle
4%
HerrschaftRheinland-PfalzWesterburg
4%
HerrschaftNordrhein-WestfalenWickrath und Schwanenberg
4%
HerrschaftSachsenWiesenburg
4%
ReichsstadtBayernWindsheim
4%
GrafschaftSchleswig-HolsteinRantzau
0%
HerrschaftFrankreichRappoltstein
0%
GrafschaftRheinland-PfalzRaugrafschaft im Nahegau
0%
ReichsgrafschaftBelgienReckheim
0%
GrafschaftNiedersachsenRegenstein
0%
HerrschaftBayernReichelsberg
0%
HerrschaftRheinland-PfalzReichenstein
0%
HerrschaftNordrhein-WestfalenReifferscheid
0%
BurggrafschaftRheinland-PfalzRheineck
0%
HerrschaftHessenRiedesel zu Eisenbach
0%
HerrschaftBaden-WürttembergRötteln
0%
ReichsabteiBaden-WürttembergRottenmünster
0%
HerrschaftRheinland-PfalzRunkel
0%
HerrschaftRheinland-PfalzSaffenburg
0%
ReichsabteiBayernSankt Emmeram zu Regensburg
0%
ReichsabteiNordrhein-WestfalenSankt Michael zu Siegburg
0%
ReichsstiftBayernSankt Ulrich und Afra zu Augsburg
0%
GrafschaftNordrhein-WestfalenSchleiden
0%
ReichsabteiBaden-WürttembergSchöntal
0%
HerrschaftBayernSchwabegg
0%
HerrschaftBayernSeinsheim
0%
HochstiftSchweizSitten
0%
ReichsabteiBaden-WürttembergSöflingen
0%
GrafschaftHessenStarkenburg
0%
Landschaft, Freie BauerngemeindeNiedersachsenStedingen
0%
LandschaftSchleswig-Holstein, HamburgStormarn
0%
Gefürstete ReichsgrafschaftBayernStörnstein
0%
Herrschaft, GrafschaftBayernThannhausen
0%
HerrschaftenFrankreichThierstein und Hochkönigsburg
0%
ReichsstiftNiederlandeThorn
0%
GrafschaftBaden-WürttembergUrach
0%
Reichsstift, ReichsabteiBayernUrsberg
0%
Reichsunmittelbare TalschaftSchweizUrsern
0%
GrafschaftSchweizUznach
0%
GrafschaftRheinlandVirneburg
0%
Gemeine HerrschaftSchweitVogtei Rheintal
0%
GrafschaftHessenWeilnau
0%
Reichsstift, ReichsabteiBaden-WürttembergWeißenau
0%
Reichsunmittelbare HerrschaftBaden-WürttembergWelzheim
0%
Reichsstift, ReichspropsteiBayernWettenhausen
0%
Herrschaft, Abtei, KollegiatstiftBaden-WürttembergWiesensteig
0%
Herrschaft, ReichsgrafschaftBayernWiesentheid
0%
HerrschaftSachsenWildenfels
0%
GrafschaftRheinland-PfalzWildgrafen
0%
HerrschaftRheinland-PfalzWinneburg und Beilstein
0%
ReichsherrschaftNiederlandeWittem, Eyß und Schlenacken
0%
GrafschaftBayernWolfstein
0%
LandNiedersachsenWursten
0%

Verteilung der Resultate

Perzentil nach korrekt beantworteten Fragen

Anzahl Personen mit jedem Resultat

Ihre Resultats-Entwicklung

Sie haben dieses Quiz noch nicht gespielt